Normal view
MARC view
Entry Topical Term
001 - CONTROL NUMBER
- control field: 7442
003 - CONTROL NUMBER IDENTIFIER
- control field: BD-RjUL
005 - DATE AND TIME OF LATEST TRANSACTION
- control field: 20230515105550.0
008 - FIXED-LENGTH DATA ELEMENTS
- fixed length control field: 230515|| aca||aabn | a|a d
040 ## - CATALOGING SOURCE
- Original cataloging agency: BD-RjUL
- Transcribing agency: BD-RjUL
150 ## - HEADING--TOPICAL TERM
- Topical term or geographic name entry element: Consumer protection Law and legislation
670 ## - SOURCE DATA FOUND
- Source citation: Work cat.: (BD-RjUL)81382: Singh, Avtar 3315, Introduction to the law of torts and consumer protection /, 2020